| 000 | 02503nab a2200277 i 4500 | ||
|---|---|---|---|
| 003 | BR-BrBNA | ||
| 005 | 20250718163724.0 | ||
| 008 | 250718b2019 bl.ar|pooa||| 00| 0 eng | | ||
| 040 |
_aBR-BrBNA _beng |
||
| 072 | _aF70 | ||
| 100 | _aPaiva, Alessandra Marques de | ||
| 100 | _aVieira, Tamara de Andrade Ferreira | ||
| 100 | _aAlves, Ruy José Válka | ||
| 100 | _aSilva, Nílber Gonçalves da | ||
| 245 | _aThree new records of Remijia (Cinchoneae, Rubiaceae) for the Brazilian Amazon and a new altitudinal record for Venezuela | ||
| 500 | _aPublicação on-line; 12 ref.; 4 illus.; Summaries (En, Pt) | ||
| 520 | _a Abstract We present three new records of Remijia (Rubiaceae) for Brazil. Remijia globosa and R. reducta were known only from Venezuela and R. hispida from Venezuela and Colombia. During a revisional study of the genus, we found these three species had also been collected in the state of Amazonas, Brazil. Additionally, we found a collection of R. hispida from Venezuela, near La Esmeralda, at an altitude over 2,000 m higher than previously known for this species. This contributes to the knowledge of Remijia distribution, especially in the Amazon basin and in the Brazilian part of the Guiana Shield. Key words: altitudinal distribution, Amazon Basin, floras, Guiana Shield. Resumo Apresentamos três novos registros de Remijia (Rubiaceae) para o Brasil. Remijia globosa e R. reducta eram apenas conhecidas da Venezuela e R. hispida da Venezuela e Colômbia. Durante a revisão do gênero, descobrimos que essas espécies também haviam sido coletadas no estado do Amazonas, Brasil. Adicionalmente, encontramos uma coleta de R. hispida da Venezuela, próximo a La Esmeralda, numa área mais de 2.000 m acima das altitudes dos registros anteriormente conhecidos. Isso contribui com o conhecimento da distribuição de Remijia, especialmente na Bacia Amazônica e na parte brasileira do Escudo das Guianas. Palavras-chave: distribuição altitudinal, Bacia Amazônica, floras, Escudo das Guianas | ||
| 650 | _aBACIA AMAZÔNICA | ||
| 650 | _aFLORA | ||
| 650 | _aESCUDO DAS GUIANAS | ||
| 650 | _aRUBIACEAE | ||
| 773 | 0 |
_0709 _9351354 _dRio de Janeiro-RJ Jardim Botanico do Rio de Janeiro 1935 _o2025-3977 _tRodriguésia (Brazil) _x0370-6583; 2175-7860 on-line _gv. 70 p. 1-7; (2019) _wBR2025003274 |
|
| 856 | _uhttps://www.scielo.br/j/rod/a/KwP7WL4CtJ7PpYXFjr7r8rn/?format=pdf&lang=en | ||
| 942 | _cANA | ||
| 999 |
_c333974 _d333974 |
||